| 000 | 00447nam a2200181 a 4500 | ||
|---|---|---|---|
| 001 | 11390 | ||
| 003 | CO-ViMGA | ||
| 008 | 141112s2004 ck r 000 u spa d | ||
| 040 |
_aCO-ViMGA _bspa _cCO-ViMGA |
||
| 082 | 0 | 4 | _aLOBa |
| 100 | 1 | _aLobe, Mira | |
| 245 | 1 | 0 | _aAbracadabra, pata de cabra |
| 260 |
_aMadrid : _bS.M, _c1988 |
||
| 300 | _a58 p : il | ||
| 490 | _aEl barco de vapor, 157 | ||
| 650 | 1 | 4 |
_aCUENTOS INFANTILES _92743 |
| 942 |
_2ddc _cBK |
||
| 999 |
_c22590 _d22590 |
||